01344nab a22002417a 4500003000400000005001700004008004100021040001100062100002100073245007400094260007300168300001500241500003700256505037900293505009100672505008900763650001500852650001600867650002600883650003000909650002900939773013400968OSt20250217211630.0190603e xxum|||| |||| 00| 0 spa d cPJ-TDF aMoyano, Mauricio10a¿El testador quiere o no quiere a sus sobrinos? /cMauricio Moyano.  cCiudad Autónoma de Buenos Aires :aThomson Reuters La Ley, b2023. ap. 185-187 aCita: TR LALEY AR/DOC/1484/2023. aSumario: I. Introducción.— II. La aplicación de la ley en el tiempo respecto de los testamentos.— III. ¿Siempre se encuentra legitimado el cesionario para intentar excluir a un heredero?— IV. La nueva solución del Cód. Civ. y Com. respecto del derecho de representación en la sucesión testamentaria (nuevamente aplicando la teoría del afecto presunto).  tFallo comentado: CNCiv., sala L, 07/03/2023. - R., J. E. s/ sucesión testamentaria. t¿Te interesa el texto completo? Solicitalo al correo: koha@justierradelfuego.gov.ar 0aSUCESIONES 0aTESTAMENTOS 0aTESTAMENTO OLÓGRAFO 0aDERECHO DE REPRESENTACION 0aCODIGO CIVIL Y COMERCIAL0 02713dCiudad Autónoma de Buenos Aires : Thomson Reuters La Ley, 2015-tRevista Código Civil y Comercial. Nº 5 - Octubre 2023